Second order project management

Bibliographic Details
Main Author: Cavanagh, Michael, 1949-
Corporate Author: ProQuest (Firm)
Format: Electronic eBook
Language:English
Published: Burlington, Vt. : Gower, c2012.
Series:Advances in project management.
Subjects:
Online Access:Click to View
LEADER 01787nam a2200409 a 4500
001 EBC823567
003 MiAaPQ
005 20200520144314.0
006 m o d |
007 cr cn|||||||||
008 110627s2012 vtuad sb 001 0 eng d
010 |z  2011027142 
020 |z 9781409410942 (hardback alk. paper) 
020 |a 9781409410959 (electronic bk.) 
035 |a (MiAaPQ)EBC823567 
035 |a (Au-PeEL)EBL823567 
035 |a (CaPaEBR)ebr10518245 
035 |a (CaONFJC)MIL336746 
035 |a (OCoLC)769342547 
040 |a MiAaPQ  |c MiAaPQ  |d MiAaPQ 
050 4 |a HD69.P75  |b C384 2012 
082 0 4 |a 658.4/04  |2 23 
100 1 |a Cavanagh, Michael,  |d 1949- 
245 1 0 |a Second order project management  |h [electronic resource] /  |c Michael Cavanagh. 
260 |a Burlington, Vt. :  |b Gower,  |c c2012. 
300 |a xiv, 128 p. :  |b ill. 
490 1 |a Advances in project management 
504 |a Includes bibliographical references and index. 
505 0 |a Uncertainty, complexity and impact on projects -- What makes projects complex? -- 1st and 2nd order project management -- Leadership in an uncertain world -- Outcomes and ethics -- 2nd order tools and tactics -- The systems approach to project management -- Experiential learning -- Appropriate contracting -- Conclusion. 
533 |a Electronic reproduction. Ann Arbor, MI : ProQuest, 2015. Available via World Wide Web. Access may be limited to ProQuest affiliated libraries. 
650 0 |a Project management. 
650 0 |a Project management  |x Methodology. 
650 0 |a Technological complexity. 
655 4 |a Electronic books. 
710 2 |a ProQuest (Firm) 
830 0 |a Advances in project management. 
856 4 0 |u https://ebookcentral.proquest.com/lib/matrademy/detail.action?docID=823567  |z Click to View